Govt. of
Madhya Pradesh

Everyday psychology a guide to your personal well-being (Record no. 68970)

MARC details
000 -LEADER
fixed length control field 00264nam a22000977a 4500
082 ## - DEWEY DECIMAL CLASSIFICATION NUMBER
Classification number 100/MIS
100 ## - MAIN ENTRY--AUTHOR NAME
Personal name Mishra,vinay
245 ## - TITLE STATEMENT
Title Everyday psychology a guide to your personal well-being
260 ## - PUBLICATION, DISTRIBUTION, ETC. (IMPRINT)
Place of publication New delhi
Name of publisher Manjul publishing house
Year of publication 2018
942 ## - ADDED ENTRY ELEMENTS (KOHA)
Koha item type Books

No items available.